000 01475cam a22004454i 4500
003 PE-LiUPU
005 20250731165436.0
008 160510s2012 pe a grm 000 0 spa d
035 _a(Sirsi) a156648
040 _aPE-LiUPU
_bspa
_cPE-LiUPU
_erda
099 _aTT 2
_bS66 2012
100 1 _aSolano Prieto, Jadiel Daniel
_eautor
245 1 3 _aLa Resurrección en Daniel 12:2 /
_cJadiel Daniel lSolano Prieto.
264 0 _c2012.
300 _a89 hojas :
_bilustraciones;
_c28 cm
336 _atext
_2rdacontent
337 _aunmediated
_2rdamedia
338 _avolume
_2rdacarrier
502 _aTesis
_b(Lic.) --
_cUniversidad Peruana Unión,
_d2012.
504 _aIncluye referencias
520 3 _aEsta investigación es un estudio documental exegético-sistemático. Se estudiaron a varios autores seleccionados de acuerdo al tema y se analizó la interpretación que ellos proponen de acuerdo al texto de Daniel 12:2
526 _aSEG44
526 _aSEG26
526 _aP151
526 _aP150
526 _aP149
526 _aP146
526 _aP145
526 _aP126
526 _aP125
526 _aP92
526 _aP75
526 _aP74
526 _aP27
526 _aP15
650 0 4 _aResurrección
_xEnseñanza bíblica.
596 _a1
942 _2ddc
_cTESIS
999 _aTT 2 S66 2012
_wALPHANUM
_c9301
_iT01356
_lCCODEBUL3
_mBUL
_r1
_sY
_tTESIS
_u2016-5-10
_xTEOLOGIA
_PP35
_o.STAFF. Tesis
_d9301
980 _81
_gALBERTO SANCHEZ Responsable de Automatización